000 00474nam a2200169 i 4500
001 34328
003 ES-MaACL
005 20230906154920.0
007 t|
008 030204s1970 sp ||||1| spa d
100 1 _aBlok, Alexander.
_929535
245 1 0 _aPoemas /
_cBlok ; traducción y prólogo de Eduardo Chamorro.
260 _a[Madrid :
_bAlberto Corazón],
_c1970.
300 _a110 p. ;
_c20 cm.
700 1 _aChamorro, Eduardo.
_937886
852 _aES-MaACL
_jC-33800
999 _c34328
_d34328